[Event "Jesenik Rapid op"]
[Site "Jesenik"]
[Date "2023.08.18"]
[Round "6"]
[White "Gregor, Pavel"]
[Black "Svabova, Klara"]
[Result "1-0"]
[WhiteElo "1519"]
[BlackElo "1031"]
[PlyCount "55"]
[EventDate "2023.08.18"]
[EventType "swiss (rapid)"]
[EventRounds "9"]
[EventCountry "CZE"]
[SourceTitle "EXT 2024"]
[Source "ChessBase"]
[SourceDate "2023.10.10"]
[SourceVersion "1"]
[SourceVersionDate "2023.10.10"]
[SourceQuality "1"]

1. d4 d5 2. c4 Nf6 3. e3 Bd7 4. Bd3 e6 5. Ne2 Nc6 6. a3 b6 7. Qc2 Bd6 8. Nbc3 0-0 9. b4 Qe7 10. Bb2 Qd8 11. Rc1 a5 12. b5 Ne7 13. Ng3 dxc4 14. Bxc4 e5 15. d5 Ng6 16. Nce4 Nxe4 17. Qxe4 Re8 18. 0-0 Qh4 19. Qd3 e4 20. Qd2 Bxg3 21. fxg3 Qg5 22. d6 cxd6 23. Bxf7+ Kh8 24. Bxe8 Rxe8 25. Rc7 Bxb5 26. Rxg7 Qh5 27. Rxg6+ Re5 28. Rf8# 1-0